00378nam a2200121Ia 4500008004100000040001600041041001200057082001700069100001500086245009500101260004500196300001500241230917s9999||||xx |||||||||||||| ||und|| e73430aMAIN aEnglish a658.93 I2G:W aGupta, V K 0aWheat production, marketing and procurement: a study in selected surplus and deficit areas aAhmedabadbInstitute of Managementc1976 avi, 291 p.